00292nam a2200121Ia 4500008004100000041000900041082002000050100002500070245001900095260004000114300000800154650000800162230718s9999 xx 000 0 und d aEng. a346.0488bMOB-T amobin ahmed siddique 0atrade mark law aPakistanbomer law book housec2020 a626 aLaw